000 00627nam a2200217 4500
003 OSt
005 20240614052729.0
006 a
008 240614b |||||||| |||| 00| 0 eng d
020 _a9789710449095
040 _aDWCL-Main lib.
_cOC
082 _aRes. 025.32 C385u 2009
100 _aCayaban, Enrique T.
245 _aUnderstanding the AACR2 for beginners /
260 _aNueva Vizcaya, Phils. :
_bSMU Pub.,
_cc2009.
300 _avii,
_b138 p. : b & w ill. ;
_c27 cm.
504 _aIncludes bibliography & index.
650 _a1. Cataloging.
700 _aEnrique T Cayaban
942 _2ddc
_n0
_cBK-CIRC
_kRes.
999 _c694
_d694